Country Flags as Pie Chart #4 - Statistics

General Stats
  • This quiz has been taken 37 times
  • The average score is 9 of 20
Answer Stats
Picture Answer % Correct
Peru
76%
Burkina Faso
71%
Andorra
65%
Brunei
65%
Sri Lanka
65%
Turkey
65%
Sweden
59%
Finland
53%
United Arab Emirates
53%
Haiti
41%
Kyrgyzstan
41%
St. Vincent and the Grenadines
41%
Rwanda
35%
Slovenia
35%
Uruguay
29%
Vanuatu
29%
Malawi
24%
Cape Verde
18%
Kenya
6%
Namibia
6%
No matching quizzes found
Score Distribution
Percent of People with Each Score
Percentile by Number Answered
Your Score History
You have not taken this quiz